100 % úspech stručný a jednoduchý sprievodca na ceste k zaručenému úspechu v sieťovom marketingu

Bibliographic Details
Main Author: Ludbrook, Ed (Author)
Other Authors: Ďuračková, Beáta, 1976- (Translator)
Format: Book
Language:Slovak
English
PhysicalDescription:117 s. grafy, ilustr. 21 cm
Published: Bratislava Eastone Books 2011
ISBN:9788081091551
Edition:1. vyd.
Series:Open mind
Subjects:

MARC

LEADER 00000nam a22000005a 4500
001 vtls010286696
003 SK-MaSNL
005 20260302082144.0
008 240315s2011 xo da f 000 0 slo
015 |a SNBA2011/10-05426 
020 |a 9788081091551  |q (brož.) 
035 |a 1938BC22-4070-44DA-8228-CC59798D1B71 
035 |a urn:nbn:sk:snk-amji4w 
035 |a urn:nbn:sk:snk-am001yoh 
040 |a SNK  |b slo  |c SNK  |e AACR2 
041 1 |a slo  |h eng 
044 |a xo  |c SK 
072 7 |a 339  |x Obchod  |2 konspekt 
080 |a 339.139  |2 2001 
080 |a 658.8:316.77  |2 2001 
080 |a 339:17.024.4  |2 2001 
080 |a (035)  |2 2001 
100 1 |a Ludbrook, Ed  |4 aut  |9 748495 
240 1 0 |a 100 % success basics  |l Slovensky 
245 1 0 |a 100 % úspech  |b stručný a jednoduchý sprievodca na ceste k zaručenému úspechu v sieťovom marketingu  |c Ed Ludbrook ; [z anglického originálu preložila Beáta Ďuračková] 
246 3 |a Stopercentný úspech 
246 3 |a Total success basics 
250 |a 1. vyd. 
260 |a Bratislava  |b Eastone Books  |c 2011 
300 |a 117 s.  |b grafy, ilustr.  |c 21 cm 
490 1 |a Open mind 
650 0 7 |a marketing  |2 SNKPH  |9 2299 
650 0 7 |a marketingová komunikácia  |2 SNKPH  |9 2300 
650 0 7 |a obchodný úspech  |2 SNKPH  |9 63695 
650 0 7 |a Communication in marketing  |2 SNKPHeng  |9 265704 
650 0 7 |a Commercial success  |2 SNKPHeng  |9 316527 
655 7 |a príručky  |2 SNKPH  |9 74364 
655 7 |a Handbooks, manuals, etc.  |2 SNKPHeng  |9 90964 
700 1 |a Ďuračková, Beáta,  |d 1976-  |4 trl  |9 215579 
830 0 |a Open mind  |9 313701 
919 |a 978-80-8109-155-1 
958 |a OP 
968 |b ENG  |d 33 
999 |c 1179113  |d 1181043 
952 |a SNK  |b SNK  |y PREZ  |7 0  |p 17A0704535  |o snkSC 145857  |i snk2011/13947  |8 0  |0 0  |1 0  |4 0  |d 2011-06-17  |l 0  |r 2025-07-15 00:00:00  |w 2026-02-24 
952 |a SNK  |b SNK  |y VYP  |7 0  |p 17A0704534  |o snkSC 145857 D1  |i snk2011/13948  |8 0  |0 0  |1 0  |4 0  |d 2011-06-17  |f 1  |l 0  |r 2026-02-24 21:33:04  |w 2026-02-24